| 000 | 00639nam a2200157 4500 | ||
|---|---|---|---|
| 001 | 5032 | ||
| 005 | 20181127174631.0 | ||
| 020 | 0 | 0 | _a9789993680963 |
| 090 | 0 | 0 | _a954.98092 K521d 2014 |
| 245 | 0 | 0 |
_aDharma King : _ba tribute to His Majesty Jigme Singye Wangchuck The Fourth King of Bhutan / _cCompiled and edited by H.E. Tsugla Lopen Samten Dorji, Zhung Dratshang. _h |
| 250 | 0 | 0 | _a1st ed. |
| 260 | 0 | 0 |
_a[Thimphu] : _bDratshang Lhentshog(Council for Religious Affairs) Tashichodzong, _c2014. |
| 300 | 0 | 0 | _a134 p. : col. ill. ; 24 cm. |
| 650 | 0 | 0 |
_aBhutan --Kings and rulers --Biography. _x |
| 650 | 0 | 0 |
_aJigme Singye Wangchuck, King of Bhutan, 1955. _x |
| 999 |
_c4202 _d4202 |
||